Návrh odporúčaní pre oblasť vzdelávania zamestnancov v multikultúrnom prostredí priemyselných podnikov

Salvato in:
Dettagli Bibliografici
Autore principale: Blecha, Martin, 1989- (Autore)
Altri autori: Videnová, Veronika, 1986- (Relatore della tesi)
Natura: Manoscritto Libro
Lingua:slovacco
Pubblicazione: Trnava : STU v Bratislave MTF UPMK, 2013
Soggetti:
Accesso online:VAIS
Tags: Aggiungi Tag
Nessun Tag, puoi essere il primo ad aggiungerne!!

MARC

LEADER 00000ntm a22000003a 4500
001 stu269759
005 20150617230249.1
008 130703s2013----xo------------------slo-d
040 |a STU  |b slo 
041 0 |a slo 
044 |a xo 
100 1 |a Blecha, Martin,  |d 1989-  |4 aut  |u M  |T MTF Materiálovotechnologická fakulta  |X 57925  |U M  |Y 60  |7 A000057925 
242 0 0 |a Proposal recommendations for area of education employees within multicultural environment in industrial enterprises  |y eng 
245 1 |a Návrh odporúčaní pre oblasť vzdelávania zamestnancov v multikultúrnom prostredí priemyselných podnikov 
260 |a Trnava :  |b STU v Bratislave MTF UPMK,  |c 2013 
650 7 |a personálna práca v priemyselnom podniku  |2 stusub 
650 7 |a Personnel Policy in Industrial Plant  |2 estusub 
650 7 |a education  |2 estusub 
650 7 |a multiculturalism  |2 estusub 
650 7 |a culture  |2 estusub 
650 7 |a kultúra  |2 stusub 
650 7 |a vzdelávanie  |2 stusub 
700 1 |a Videnová, Veronika,  |d 1986-  |4 ths  |u M4000  |U MTF Materiálovotechnologická fakulta  |T MTF Ústav priemyselného inžinierstva a manažmentu  |X 38324  |U M4000  |Y 84  |7 A000038324 
856 4 |a info a plný text  |u http://is.stuba.sk/zp/portal_zp.pl?podrobnosti=78893  |3 VAIS 
996 |c M*BP-6379  |l MMSKP  |s P  |a 0  |w stu269759_0001